000
00254nam a2200097Ia 4500
001
687455
005
20250826161556.0
008
250824s9999 xx 000 0 und d
245
0
_a
ÜLKEMİN EFSANELERİ
_c
İBRAHİM ZEKİ BURDURLU
260
_b
TUDEM YAYINLARI
999
_c
687455
_d
687455